उदयस्तु अंबे. (Record no. 752163)

MARC details
000 -LEADER
fixed length control field 00630nam a2200181Ia 4500
008 - FIXED-LENGTH DATA ELEMENTS--GENERAL INFORMATION
fixed length control field 100921s9999 xx 000 0 und d
082 ## - DEWEY DECIMAL CLASSIFICATION NUMBER
Item number 3050
Classification number 808.068 थ 60
100 ## - MAIN ENTRY--PERSONAL NAME
Personal name दिवाणजी शकुंतला.
245 ## - TITLE STATEMENT
Title उदयस्तु अंबे.
260 ## - PUBLICATION, DISTRIBUTION, ETC. (IMPRINT)
Name of publisher, distributor, etc वोरा अँड कंपनी,मुंबई.
Date of publication, distribution, etc 1960
300 ## - PHYSICAL DESCRIPTION
Extent 32
Other physical details ---
365 ## - TRADE PRICE
Price amount 0.65
520 ## - SUMMARY, ETC.
Summary, etc ललित-बालवाङ्रमय.
630 ## - SUBJECT ADDED ENTRY--UNIFORM TITLE
Uniform title उदयस्तु अंबे.
650 ## - SUBJECT ADDED ENTRY--TOPICAL TERM
Topical term or geographic name as entry element ललित-बालवाङ्रमय.
730 ## - ADDED ENTRY--UNIFORM TITLE
Uniform title उदयस्तु अंबे.
942 ## - ADDED ENTRY ELEMENTS (KOHA)
Koha item type Book
Holdings
Withdrawn status Lost status Damaged status Not for loan Home library Current library Shelving location Date acquired Cost, normal purchase price Total Checkouts Barcode Date last seen Price effective from Koha item type Public note
  Missing from bundle     Lo. Tilak Granthasangrahalaya, Wai Lo. Tilak Granthasangrahalaya, Wai     0.65   WAITILAKGS-3050 09/21/2010 09/21/2010 Book गहाळ